000 01770cam a2200385 i 4500
001 data
005 20260322212107.0
008 data
035 _a20903468
906 _a7
_bcbc
_cpccadap
_d2
_eepcn
_f20
_gy-gencatlg
925 0 _aacquire
_b1 shelf copy
_xpolicy default
010 _a 2019937812
015 _aGBB940638
_2bnb
016 7 _a019280136
_2Uk
020 _a9780198828723
_q(pbk.)
020 _a0198828721
035 _a(OCoLC)1090435107
040 _aUKMGB
_beng
_cUKMGB
_erda
_dDLC
_dOCLCF
_dGUL
_dDLC
042 _apcc
050 0 0 _aKZ3410
_b.H464 2019
100 1 _aHenriksen, Anders,
_eauthor.
245 1 0 _aInternational law /
_cAnders Henriksen.
250 _aSecond edition.
264 1 _aOxford, United Kingdom :
_bOxford University Press,
_c[2019]
300 _axlii, 340 pages ;
_c25 cm
336 _atext
_btxt
_2rdacontent
337 _aunmediated
_bn
_2rdamedia
338 _avolume
_bnc
_2rdacarrier
500 _aPrevious edition: 2017.
504 _aIncludes bibliographical references and index.
505 0 _aFoundations and structure of international law -- Sources of international law -- The law of treaties -- The actors in the international legal system -- Jurisdiction -- Immunity from national jurisdiction and diplomatic protection -- State responsibility -- The international law of the sea -- International human rights law -- International environmental law -- International economic law -- The peaceful settlement of disputes -- The international regulation of the use of force -- The law of armed conflict -- International criminal law.
650 0 _aInternational law.
650 7 _aInternational law.
_2fast
_0(OCoLC)fst00976984
999 _c1582
_d1582